| 000 | 00489 a2200157 4500 | ||
|---|---|---|---|
| 001 | 92179 | ||
| 082 | _aN-6261-2 | ||
| 090 |
_c44141 _d44140 |
||
| 100 | _aAtiya Zulfiqar; Carrier Advisory Cell NUST | ||
| 245 |
_aResume Writing and Job Search HandBook (CD only) _bNUST _hon CD |
||
| 260 |
_aIslamabad _bNUST _c2015 |
||
| 300 | _aCD only | ||
| 500 | _aCD/DVD | ||
| 520 | _aCV writing; curriculum vitae writing skill | ||
| 610 | _anational university of science and technology Pakistan | ||
| 942 |
_aCAE NUST _cCD _kN-6261-2 |
||
| 999 |
_c327252 _d327252 |
||